Statistics for megadeth lyrics

Click here to take the quiz!

General Stats

  • This quiz has been taken 36 times
  • The average score is 9 of 20

Answer Stats

HintAnswer% Correct
Watch him become a godsymphony of destruction
97%
brother will kill brotherholy wars the punishment due
90%
possibly I've seen too muchhangar 18
81%
This morning I made the calltornado of souls
71%
a dark black past is my most valued possessionsweating bullets
58%
drift into a deeper stateLucretia
48%
Get it right terminate themtake no prisoners
48%
I rule on land air and searust in peace Polaris
45%
parade the grey robbed monksfive magics
42%
thermal count is risingdawn patrol
39%
you belong to meskin o my teeth
39%
Squeeze the trigger that makes you a manCountdown to Extinction
35%
until all is lost personal holocaustforeclosure of a dream
35%
first time you touched mepoison was the cure
32%
it was just another daythis was my life
32%
Now we've rewritten historyashes in your mouth
29%
born from the dark in the black cloak of nightarchitecture of aggression
26%
Boy, your soul better belong to Jesus, 'cause your ass belongs to mecaptive honour
26%
do it if you darehigh speed dirt
26%
Assassin in stealth, assailant from hellpsychotron
26%

Score Distribution

Percentile by Number Answered

Percent of People with Each Score

Your Score History

You have not taken this quiz